000 00332nam a2200133Ia 4500
005 20260328104306.0
008 260328s9999||||xx |||||||||||||| ||und||
100 _aAkşit, İlhan
245 4 _aThe Museum of Chora :
_b Mosaics and Frescoes /
_cİlhan Akşit
260 _baksit
300 _a152 p.
650 _aARTE
942 _cBK
999 _c10759
_d10759